| 000 | 00852nam a2200265Ia 4500 | ||
|---|---|---|---|
| 003 | OSt | ||
| 005 | 20221005083930.0 | ||
| 006 | a|||||r|||| 00| 0 | ||
| 007 | ta | ||
| 008 | 221004b |||||||| |||| 00| 0 eng d | ||
| 020 |
_a0300082010 _c807.48 |
||
| 024 | _a84614 | ||
| 037 |
_bG-817, 29/03/2006, Manohar Publisher & Distributors _cTextual |
||
| 040 |
_aCRL _cCRL _beng |
||
| 041 |
_2eng _aeng |
||
| 082 | _aSM95xM56:g(Q), P1 | ||
| 100 | _aCapps Donald Ed. | ||
| 245 | 0 |
_aFreud and freudians on religion _b A reader edited by Donald Capps |
|
| 260 |
_aNew Haven _bYale University Press _c2001 |
||
| 300 |
_a357p. _ccm. |
||
| 650 | _a PSYCHOLOGY | ||
| 650 | _aPSYCHOANALYSIS | ||
| 942 |
_hSM95xM56:g(Q), P1 _cTEXL _2cc |
||
| 999 |
_c991778 _d991778 |
||